Poverty eradication : where stands Africa? /

Uloženo v:
Podrobná bibliografie
Hlavní autoři: Kankwenda, Mbaya (Autor), Grégoire, Luc-Joël (Autor), Legros, Hugues (Autor), Ouédraogo, Harouna (Autor)
Korporativní autor: United Nations Development Programme. Special Fund Component
Médium: Kniha
Jazyk:English
Vydáno: London : Economica, 2000.
Témata:
LEADER 01694cam a2200409 i 4500
001 c000400926
003 CARM
005 20190110153235.0
008 190110t20002000enk o000 0 eng
015 |a GBA1-28365 
019 1 |a 69841841  |5 LACONCORD2021 
020 |a 1902282086 (pbk.) :  |c No price 
035 |a (OCoLC)46677885  |5 LACONCORD2021 
040 |a Uk  |b eng  |e rda  |d Uk  |d VCAV 
082 0 4 |a 338.96  |2 23 
100 1 |a Kankwenda, Mbaya,  |e author. 
245 1 0 |a Poverty eradication :  |b where stands Africa? /  |c Mbaya Kankwenda, Luc-Joël Gregoire, Hugues Legros, Harouna Ouédraogo. 
264 1 |a London :  |b Economica,  |c 2000. 
264 4 |c ©2000 
300 |a viii, 444 pages ;  |c 24 cm. 
336 |a text  |b txt  |2 rdacontent 
337 |a unmediated  |b n  |2 rdamedia 
338 |a volume  |b nc  |2 rdacarrier 
500 |a At head of title "United Nations Development Programme, UNDP." 
504 |a Includes bibliographical references (pages 403-422). 
650 0 |a United Nations Decade for the Eradication of Poverty, 1997-2006. 
650 0 |a Poverty  |z Africa, Sub-Saharan. 
700 1 |a Grégoire, Luc-Joël,  |e author. 
700 1 |a Legros, Hugues,  |e author. 
700 1 |a Ouédraogo, Harouna,  |e author. 
710 2 |a United Nations Development Programme.  |b Special Fund Component 
852 8 |b CARM  |i B12644  |p 0650774  |f BK 
852 8 |b SCAN  |h A3:AH32B0  |i B12644  |p 0650774  |f BK 
852 8 |b SCAN  |h A3:AH32B0  |i B12644  |p 0650774  |f BK 
999 f f |i 51866f4e-657c-55f2-9853-0831250dafcc  |s 5e87a29d-e63c-5884-8cef-cc5ea3e7bf0a 
952 f f |p Can circulate  |a CAVAL  |b CAVAL  |c CAVAL  |d CARM 1 Store  |e B12644  |h Other scheme  |i book  |m 0650774 
952 f f |a CAVAL  |b CAVAL  |c CAVAL  |d Unmapped Location  |e B12644  |f A3:AH32B0  |h Other scheme